000 00481nam a2200181Ia 4500
005 20250326124416.0
008 250326s9999 xx 000 0 und d
037 _aTextbook
040 _aFMSL
_beng
_cFMSL
041 _aeng
_2eng
084 _aX:74 P0;3
_qFMSL
100 _aAdhikary M
245 0 _aBusiness economics
_cAdhikary M
260 _aNew Delhi
_bNew Delhi, Excel Books
_c2000
300 _a615p
942 _cTB
_hX:74 P0;3
999 _c1273597
_d1273597